000 00554nam a2200205 i 4500
001 bgj
100 1 _aVESTERMAN, William
245 1 0 _aThe College Writer's Reader /
_cWilliam Vesterman.
260 _aNew York :
_bMcGraw-Hill Book,
_cc. 1988.
300 _aXIV, 396 pp ;
_c24 cm.
505 _aIncludes index.
650 9 _aCollege readers
650 9 _aEnglish language
_xRhetoric
020 _a0070674299 (pbk)
040 _cBPK
041 0 _aeng
920 _a0-07-067429-9 (pbk)
942 _cKS
008 s uk f |000 0 eng
999 _c41292
_d41292